000 00486nam a2200181 a 4500
001 1769855260134
003 YourLibrary
005 20260131161816.0
008 260131s2009##################000#0#eng##
020 _a9780470743638
082 0 4 _a332.015118
_bROL
100 1 _aRolski, Tomasz,
_eauthor.
245 1 0 _aStochastic Processes for Insurance and Finance :
260 _bWiley,
_c2009.
650 0 _aMathematics.
942 _cENGLISH
040 _aYourLibrary
_beng
_cYourLibrary
999 _c609459
_d609459